Normal view
MARC view
- Royal Institution of Chartered Surveyors
Entry Corporate Name
001 - CONTROL NUMBER
- control field: 5107
003 - CONTROL NUMBER IDENTIFIER
- control field: SIRSI
005 - DATE AND TIME OF LATEST TRANSACTION
- control field: 20190806150240.0
008 - FIXED-LENGTH DATA ELEMENTS
- fixed length control field: 070125n| aaannaabn |n ana d
040 ## - CATALOGING SOURCE
- Original cataloging agency: OSt
- Transcribing agency: OSt
110 2# - HEADING--CORPORATE NAME
- Corporate name or jurisdiction name as entry element: Royal Institution of Chartered Surveyors
- Subordinate unit: Finance
410 ## - SEE FROM TRACING--CORPORATE NAME
- Corporate name or jurisdiction name as entry element: Finance [RICS]
410 ## - SEE FROM TRACING--CORPORATE NAME
- Corporate name or jurisdiction name as entry element: RICS
- Subordinate unit: Finance
670 ## - SOURCE DATA FOUND
- Source citation: 2003 annual review and financial statements, 2003